Responses for show #8292 - Tuesday, December 1, 2020

Ryan Hemmel game 5.

Contestants

[<< previous game]

Denise Pool, a stay-at-home mother and volunteer from Yorba Linda, California

T.J. Tallie, an assistant professor of African history from San Diego, California

Ryan Hemmel, a legal technology professional from Los Angeles, California (whose 4-day cash winnings total $104,526)

[next game >>]

Jeopardy! Round responses

SCIENCE-PODGE
FEELING BULLISH
SPORTS IDIOMS
TV
IN THE PRESIDENT'S CABINETS
(Alex: You identify the president for us.)
HAVE A CHAIR
    $200 24
oxygen

T.J.!
    $200 14
Red Bull

Denise
    $200 5
the mat

Ryan
    $200 16
The Sopranos

T.J.!
    $200 6
Obama

Ryan
    $200 10
a beanbag chair

Ryan
    $400 25
enamel

Denise
    $400 15
(T.J.!: What is Great Britain?)
(Alex: Be more specific.)
(T.J.!: What is the United Kingdom of Great Britain?)
(Alex: No, be more specific still.)
(T.J.!: What is the United Kingdom of Great Britain and Northern Ireland?)

England

T.J.!Denise
    $400 4
the baton

Ryan
    $400 17
Punk'd

Ryan
    $400 7
George H.W. Bush

Ryan
    $400 11
a recliner

Ryan
    $600 26
AZT

T.J.!
    $600 21
Lamborghini

Ryan
    $1,000 3
(Ryan: What is blood. [*]. What is [*]?)
(Alex: Okay, thank you very much.)

first blood

Ryan
    $600 18
Elementary

Triple Stumper
    $600 8
Clinton

Ryan
    $600 12
a loveseat

Denise
    $800 27
Canis Minor

T.J.!
    $800 22
Merrill Lynch

Ryan
    $800 2
(Ryan: What is the final stretch?)

the homestretch

Ryan
Triple Stumper
    $800 19
Scooby-Doo

Ryan
    $800 9
JFK

Denise
    $800 13
a chaise longue

Denise
    $1000 30
a Komodo dragon

T.J.!
    $1000 23
Pamplona

Ryan
    $1000 1
a checkered flag

Ryan
    $1000 20
(Gordon) Ramsay

Ryan
    $1000 28
Harding

T.J.!
    $1000 29
fishing

Triple Stumper

Scores at the first commercial break (after clue 15):

Ryan T.J.! Denise
$3,600 -$400 $2,800

Scores at the end of the Jeopardy! Round:

Ryan T.J.! Denise
$8,200 $3,400 $3,200

Double Jeopardy! Round responses

ON MY READING LIST
OOOH...FIREWORKS!
AROUND THE WORLD
"HOP"
SKIPPER
JUMP
    $400 1
Kilimanjaro

Ryan
    $400 8
bamboo

Ryan
    $400 10
New Zealand

Ryan
    $400 5
hopscotch

Denise
    $400 20
Kidd

Ryan
    $400 15
Butch Cassidy

T.J.!
    $800 2
(Willa) Cather

Denise
    $800 9
Colorado

Denise
    $800 12
(T.J.!: What is Java?)

Bali

T.J.!
Triple Stumper
    $800 6
(Dennis) Hopper

T.J.!
    $800 16
the NiƱa & the Pinta

Ryan
    $800 23
Tommy Lee Jones

T.J.!
    $1200 3
Robert Iger

Triple Stumper
    $2,000 14
(Alex: [Prior to the wager] Now you're having fun.)
(T.J.!: Stress is fun, yes.)

pyrotechnics

T.J.!
    $1200 13
Amsterdam

T.J.!
    $1200 19
Hop on Pop

Denise
    $1200 28
give up the ship

Ryan
    $1200 22
The Last of the Mohicans

T.J.!
    $1600 4
Dune

T.J.!
    $1600 24
a Roman candle

Denise
    $1600 11
the Prairies

T.J.!
    $1600 18
(Alex: T.J.!, you should have rung in; you knew that.)

Hoppin' John

Triple Stumper
    $1600 17
the Terror

Triple Stumper
    $1600 21
(Henry) Cavill

Denise
    $2000 7
Pirandello

Triple Stumper
    $2000 25
(Denise: What is a mamba?)
...
(Alex: Denise, you were too specific; we would have accepted [*].)

snake

Denise
Triple Stumper
    $2000 26
the Serengeti

T.J.!
    $2000 27
hoplites

Ryan
    $5,000 29
(Ryan: What is "The Ghost Ship"?)

The Flying Dutchman

Ryan
    $2000 30
Napoleon Dynamite

T.J.!

Scores at the end of the Double Jeopardy! Round:

Ryan T.J.! Denise
$8,800 $16,200 $7,600

[wagering suggestions for these scores]

Final Jeopardy! Round responses

AVIATORS
(Alex: Boy, you expanded the English Channel to 460 miles... imagine swimmers swimming the English Channel.)
DeniseWhat is the Mediterranean Sea?
$7,000
RyanWhat is the English Channel?
$7,401
T.J.!What is the Mediterranean?
$2,000
the Mediterranean Sea

Final scores:

Ryan T.J.! Denise
$1,399 $18,200 $14,600
3rd place: $1,000 New champion: $18,200 2nd place: $2,000

Game dynamics:

Coryat scores:

Ryan T.J.! Denise
$13,400 $15,400 $7,600
22 R
(including 1 DD),
2 W
(including 1 DD)
16 R
(including 1 DD),
2 W
12 R,
1 W

Combined Coryat: $36,400

The J! Archive is created by fans, for fans. The Jeopardy! game show and all elements thereof, including but not limited to copyright and trademark thereto, are the property of Jeopardy Productions, Inc. and are protected under law. This website is not affiliated with, sponsored by, or operated by Jeopardy Productions, Inc. Join the discussion at JBoard.tv.